| 000 | 00742nam a2200241 4500 | ||
|---|---|---|---|
| 001 | 12333 | ||
| 003 | ES-MaACL | ||
| 005 | 20230906150305.0 | ||
| 007 | t| | ||
| 008 | 000000s19850000sp ||||0| spa d | ||
| 016 | 7 | _zIBH8605104438 | |
| 020 | _a84-7492-247-X | ||
| 040 |
_aIBH _bspa _cM-BN-DP |
||
| 080 | _a903(461.1) | ||
| 080 | _a946.11"../04" | ||
| 100 | 1 |
_aGonzález López, Emilio. _958763 |
|
| 245 | 1 | 4 |
_aLas fronteras marítimas de Galicia _b: de la Prehistoria a la Edad Media / _cEmilio González López. |
| 260 |
_aLa Coruña : _bEdiciós do Castro, _c[1985] |
||
| 300 |
_a99 p ; _c24 cm. |
||
| 504 | _aBibliografía. Indice. | ||
| 651 | 4 |
_aGalicia- _xHistoria- _yHasta S.V. _98732 |
|
| 852 |
_aES-MaACL _jL-19572 _bR.122744 |
||
| 999 |
_c12333 _d12333 |
||